Η διδασκαλία της σειράς των όρων της ελληνικής ως δεύτερης ξένης γλώσσας : διπλωματική εργασία [μεταπτυχιακή εργασία]

Αποθηκεύτηκε σε:
Λεπτομέρειες βιβλιογραφικής εγγραφής
Κύριος συγγραφέας: Λίνα, Χριστίνα
Συγγραφή απο Οργανισμό/Αρχή: Πανεπιστήμιο Αιγαίου Σχολή Ανθρωπιστικών Επιστημών Τμήμα Μεσογειακών Σπουδών Πρόγραμμα Μεταπτυχιακών Σπουδών Γλωσσολογία Νοτιοανατολικής Μεσογείου
Άλλοι συγγραφείς: Γαλαντόμος, Ιωάννης (dgs [Επιβλέπων καθηγητής])
Μορφή: Thesis Βιβλίο
Γλώσσα:Greek
Δημοσίευση: 2017.
Θέματα:
Διαθέσιμο Online:http://hdl.handle.net/11610/17562
Ετικέτες: Προσθήκη ετικέτας
Δεν υπάρχουν, Καταχωρήστε ετικέτα πρώτοι!

MARC

LEADER 00000cam a2200000 a 4500
001 1/114629
008 170811s2017####gr | ||| |||| ||gre||
040 |a GR-MyUa  |b gre  |c GR-MyUa  |e AACR2 
041 0 |a gre 
082 7 |a 489.3   |2 (23) 
100 1 |a Λίνα, Χριστίνα. 
245 1 2 |a Η διδασκαλία της σειράς των όρων της ελληνικής ως δεύτερης ξένης γλώσσας :   |b διπλωματική εργασία [μεταπτυχιακή εργασία] /   |c Λίνα Χριστίνα ; επιβλέπων καθηγητής: Γαλαντόμος Ιωάννης.  
260 |c 2017.  
300 |a 62 σ. ;   |c 30 εκ.  
500 |a Υπάρχει ψηφιακό αντίγραφο.  
500 |a Μέλη εξεταστικής επιτροπής: Κότζογλου Γεώργιος, Ανδρέου Γεωργία.  
502 # # |a Διατριβή (μεταπτυχιακή) – Πανεπιστήμιο Αιγαίου, Ρόδος, 2017. 
504 |a Βιβλιογραφία: σ. 59-62.  
506 1 |a Πλήρες κείμενο - Ενδοπανεπιστημιακή δημοσίευση.  
650 0 |a Greek language, Modern  |x Study and teaching. 
650 0 |a Greek language, Modern  |x Study and teaching  |x Foreign speakers. 
650 0 |a Greek language  |x Textbooks for foreign speakers. 
650 0 |a Greek language, Modern  |x Grammar  |x Study and teaching  |z Greece. 
700 1 |a Γαλαντόμος, Ιωάννης,  |e dgs [Επιβλέπων καθηγητής] 
710 2 |a Πανεπιστήμιο Αιγαίου  |b Σχολή Ανθρωπιστικών Επιστημών   |b Τμήμα Μεσογειακών Σπουδών   |b Πρόγραμμα Μεταπτυχιακών Σπουδών Γλωσσολογία Νοτιοανατολικής Μεσογείου. 
852 |a INST  |b RHODES  |c DIATR  |e 20170811  |h 498.3 ΛΙΝ  |p 005400039478  |q 005400039478  |t MTXE  |y 23 
856 |u http://hdl.handle.net/11610/17562 
924 |a Λίνα   |b Χριστίνα   |y Ρόδος  |z 2017-07  
970 |z 11-08-2017